LEADER 01597nam a2200373 a 4500 001 000000147571 003 CaOOAMICUS 005 20151123112614.0 008 151123s2015 it u000 u ita r 020 $a978-88-339-2673-5* 032 $aLibriCat 040 $aPUL$bita 041 1 $aita$hger 082 04$a501 100 1 $aHeisenberg, Werner,$d1901-1976.$0(OLS)http://pul/name/67820 240 10$aWaldlungen in den Grundlagen der Naturwissenschaft.$lItaliano.$0(OLS)http://pul/title/186242 245 10$aMutamenti nelle basi della scienza /$cWerner Heisenberg ; traduzione di Alfonso Verson. 260 $aTorino :$bBollati Boringhieri,$c©2015. 300 $aVIII, 155 p. ;$c19 cm. 490 1 $aI Grandi Pensatori ;$v114 500 $aInclude indice. 504 $aBibliografia p. [263]-271. 650 4$aMeccanica quantistica.$0(OLS)http://pul/subject/34185 650 4$aScienza.$0(OLS)http://pul/subject/3439 700 1 $aVerson, Alfonso.$0(OLS)http://pul/name/94336 830 2$aI grandi pensatori (Bollati Boringhieri) ;$v114.$0(OLS)http://pul/title/157822 850 $aPUL 852 $aPUL$W1$xSL Cons. Gen., Altre Classi 3$y75$m501 COLL 3.114$j170535$qDDC 21$B171354$CPULBib$Z2$F171354 $H126504 $81 941 1 $a9 996 $6020$a978-88-339-2673-5*$9(OLS)http://pul/number/158995 996 $6082$a501$9(OLS)http://pul/classification/520 996 $6245$aMutamenti nelle basi della scienza$9(OLS)http://pul/title/186243 996 $6260$aTorino :$bBollati Boringhieri$9(OLS)http://pul/publisher/47883 LEADER 01554nam a2200325 a 4500 001 000000157028 003 CaOOAMICUS 005 20161202102854.0 008 161202s1970 it u000 u spa r 032 $aLibriCat 040 $aPUL$bita 100 1 $aDese?ar, Alexander.$0(OLS)http://pul/name/53185 245 13$aLa sabiduría y la necedad en Sirac 21-22 /$cAlejandro Josip Desecar. 260 $aRoma :$bEdizioni francescane,$c1970. 300 $a102 p. ;$c22 cm. 490 1 $aPresenza ;$v03 502 $aEstratto da tesi -- Pontificium Athenaeum Antonianum. Facultas Theologica. 1970. 504 $aBibliografia in nota. 630 04$aBiblia.$pV.T.$pEcclesiasticus$xCritica, interpretazione, ecc.$0(OLS)http://pul/subject/10189 710 2 $aPontificio Ateneo Antoniano.$bFacoltà di Teologia.$kTesi.$0(OLS)http://pul/name/99830 830 0$aPresenza ;$v03.$0(OLS)http://pul/title/26074 850 $aPUL 852 $aPUL$W1$xDP1 Tesi Pon. At. Antonianum$y30$mTH ANT TH199$j180311$qTesi$B183436$CPULBib$Z2$F183436 $H32888 $82 910 $aPontificium Athenaeum Antonianum.$bFacultas Theologiae.$kTesi$999830 910 $aPontificia Università Antonianum.$bFacoltà di teologia.$kTesi$999830 910 $aPontificia Università Antonianum.$bFacoltà di teologia.$kTesi$999830 941 1 $a16 996 $6245$aLa sabiduría y la necedad en Sirac 21-22$9(OLS)http://pul/title/196623 996 $6260$aRoma :$bEdizioni francescane$9(OLS)http://pul/publisher/51700